000 00579nam a2200169Ia 4500
008 090201s9999 xx 000 0 und d
010 _aKPL-60679
040 _bमराठी
041 _aमराठी
082 _a1952
_b60679
100 _aनरेन्द्र दाभोलकर
245 _aलढे अंधश्रध्देचे
_cनरेन्द्र दाभोलकर
260 _c2004
_bछाया प्रकाशन
300 _a279
_bमोठा
600 _aलढे अंधश्रध्देचे
942 _cBOOK
999 _c203040
_d203040